000 00565nam a22001937a 4500
005 20230717115504.0
008 230717b |||||||| |||| 00| 0 eng d
020 _a9789332550230
082 _a621.38223
_bOPP-S
100 _aOppenheim, Alan V.,
245 _aSignals and systems:
_bOppenheim, Alan V., 1937-; Willsky, Alan S.; Young, Ian T.; Nawab, Syed Hamid
250 _a2nd ed.
260 _aIndia
_bPearsons
_c2016
300 _a944
500 _aInclude Index
650 _aTelecommunication/Engineering
700 _aOppenheim, Alan V.,
999 _c26019
_d26019